[Event "Oberliga Wuerttemberg 1920"]
[Site "Wuerttemberg"]
[Date "2019.12.15"]
[Round "5.8"]
[White "Wenninger, Patrick"]
[Black "Bader, Gerd"]
[Result "1/2-1/2"]
[WhiteElo "2040"]
[BlackElo "2000"]
[PlyCount "101"]
[EventDate "2019.09.15"]
[EventType "team-tourn"]
[EventRounds "9"]
[EventCountry "GER"]
[SourceTitle "EXT 2021"]
[Source "ChessBase"]
[SourceDate "2020.10.23"]
[SourceVersion "1"]
[SourceVersionDate "2020.10.23"]
[SourceQuality "1"]
[WhiteTeam "Heilbronn"]
[BlackTeam "Schwaebisch Gmuend"]
[WhiteTeamCountry "GER"]
[BlackTeamCountry "GER"]

1. d4 d6 2. e4 Nf6 3. Nc3 e5 4. Nf3 Nbd7 5. Bc4 Be7 6. 0-0 0-0 7. Qe2 c6 8. dxe5 dxe5 9. Rd1 Qc7 10. Bg5 b5 11. Bd3 Nc5 12. a4 b4 13. Nb1 Bg4 14. Nbd2 Ne6 15. Be3 Nc5 16. Bg5 h6 17. Bh4 Nh5 18. Bxe7 Qxe7 19. Bc4 Rad8 20. Nf1 Nf4 21. Qe3 Rxd1 22. Rxd1 Nxa4 23. Ra1 Nb6 24. Ba6 Rd8 25. N1d2 Kh7 26. Nc4 Bxf3 27. Qxf3 Nxc4 28. Bxc4 Rd7 29. g3 Nh3+ 30. Kg2 Ng5 31. Qe3 Rd4 32. Bd3 Ne6 33. c3 bxc3 34. bxc3 Rd7 35. Bc4 Qc5 36. Bxe6 Qxe3 37. Bf5+ g6 38. fxe3 gxf5 39. exf5 Kg7 40. Ra6 Rd3 41. Rxc6 Rxe3 42. Ra6 Rxc3 43. Rxa7 Rc2+ 44. Kh3 Kf6 45. g4 e4 46. Kg3 e3 47. h4 e2 48. Kf2 Rc4 49. g5+ hxg5 50. hxg5+ Kxf5 51. Rxf7+ 1/2-1/2

[Event "Oberliga Wuerttemberg 1819"]
[Site "Wuerttemberg"]
[Date "2019.02.03"]
[Round "6"]
[White "Sokratov, Stanislav"]
[Black "Wenninger, Patrick"]
[Result "0-1"]
[WhiteElo "2191"]
[BlackElo "1937"]
[PlyCount "64"]
[EventDate "2018.09.23"]
[EventType "team-tourn"]
[EventRounds "9"]
[EventCountry "GER"]
[SourceTitle "EXT 2020"]
[Source "ChessBase"]
[SourceDate "2019.10.17"]
[SourceVersion "1"]
[SourceVersionDate "2019.10.17"]
[SourceQuality "1"]
[WhiteTeam "Biberach"]
[BlackTeam "Heilbronn"]
[WhiteTeamCountry "GER"]
[BlackTeamCountry "GER"]

1. d4 d5 2. c4 c6 3. Nf3 Nf6 4. Nbd2 e6 5. g3 Nbd7 6. Bg2 Be7 7. 0-0 0-0 8. Qc2 b6 9. e4 dxc4 10. Nxc4 Bb7 11. Nfe5 Rc8 12. Rd1 b5 13. Nxd7 Nxd7 14. Ne3 Nf6 15. e5 Nd5 16. Be4 g6 17. Qe2 Qb6 18. Bxd5 cxd5 19. Ng4 Rc4 20. Be3 h5 21. Nf6+ Bxf6 22. exf6 Rfc8 23. Qf3 e5 24. b3 e4 25. Qg2 Rc2 26. g4 hxg4 27. Bg5 Qe6 28. Rac1 Qf5 29. Rxc2 Rxc2 30. Rc1 Rxa2 31. h4 gxh3 32. Qg3 h2+ 0-1

[Event "Oberliga Wuerttemberg 1819"]
[Site "Wuerttemberg"]
[Date "2018.10.14"]
[Round "2"]
[White "Wenninger, Patrick"]
[Black "Pohl, Walter"]
[Result "1/2-1/2"]
[WhiteElo "1937"]
[BlackElo "2134"]
[PlyCount "98"]
[EventDate "2018.09.23"]
[EventType "team-tourn"]
[EventRounds "9"]
[EventCountry "GER"]
[SourceTitle "EXT 2020"]
[Source "ChessBase"]
[SourceDate "2019.10.17"]
[SourceVersion "1"]
[SourceVersionDate "2019.10.17"]
[SourceQuality "1"]
[WhiteTeam "Heilbronn"]
[BlackTeam "Schwaebisch Gmuend"]
[WhiteTeamCountry "GER"]
[BlackTeamCountry "GER"]

1. d4 d5 2. c4 Nc6 3. Nf3 Bg4 4. e3 e6 5. Be2 Nf6 6. 0-0 Be7 7. b3 0-0 8. Ba3 Ne4 9. Bxe7 Nxe7 10. cxd5 exd5 11. Ne5 Bf5 12. b4 f6 13. Nd3 Qd6 14. a4 c6 15. Qb3 Kh8 16. Ra2 Bg6 17. Nd2 Nxd2 18. Rxd2 Bxd3 19. Bxd3 f5 20. g3 a6 21. Rb2 Qe6 22. Qc2 g5 23. Qe2 Rae8 24. b5 axb5 25. axb5 Ng6 26. bxc6 bxc6 27. Rb7 Re7 28. Rxe7 Qxe7 29. Qc2 Qe6 30. Rb1 Ne7 31. Rb7 f4 32. Qe2 f3 33. Qb2 Qh3 34. Bf1 Qe6 35. Rb8 Kg7 36. Rxf8 Kxf8 37. Qb8+ Kg7 38. Qe8 Qf7 39. Qd7 h5 40. Bd3 Kf6 41. Qd8 Qg8 42. Qd6+ Qe6 43. Qb8 Kg7 44. Qe8 Qf7 45. Qd8 Qe6 46. Qb8 Ng6 47. Qd8 Ne7 48. Qa8 Qh3 49. Bf1 Qe6 1/2-1/2

[Event "GER-chT U20"]
[Site "Borken"]
[Date "2016.12.28"]
[Round "4.2"]
[White "Wenninger, Patrick"]
[Black "Beeck, Mats"]
[Result "1/2-1/2"]
[WhiteElo "1957"]
[BlackElo "2148"]
[PlyCount "53"]
[EventDate "2016.12.27"]
[EventType "team-swiss"]
[EventRounds "7"]
[EventCountry "GER"]
[SourceTitle "EXT 2018"]
[Source "ChessBase"]
[SourceDate "2017.10.13"]
[SourceVersion "1"]
[SourceVersionDate "2017.10.13"]
[SourceQuality "1"]
[WhiteTeam "Heilbronn"]
[BlackTeam "Kiel Doppelbauer"]
[WhiteTeamCountry "GER"]
[BlackTeamCountry "GER"]

1. d4 Nf6 2. Nf3 g6 3. c4 Bg7 4. Nc3 0-0 5. e4 d6 6. Be2 c5 7. d5 e6 8. 0-0 Re8 9. Bf4 e5 10. Bd2 Nh5 11. Rb1 Nf4 12. b4 cxb4 13. Rxb4 Na6 14. Rb2 f5 15. exf5 Nxe2+ 16. Qxe2 gxf5 17. Bg5 Bf6 18. Bxf6 Qe7 19. Re1 Qxf6 20. Nd2 Re7 21. Reb1 e4 22. Qe3 Nc5 23. Ne2 Nd3 24. Rb3 Nc5 25. R3b2 Nd3 26. Rb3 Nc5 27. R3b2 1/2-1/2

[Event "Pyramiden Franken Cup"]
[Site "Fuerth"]
[Date "2016.09.03"]
[Round "4"]
[White "Meulner, Fabian"]
[Black "Wenninger, Patrick"]
[Result "1/2-1/2"]
[WhiteElo "1870"]
[BlackElo "1866"]
[PlyCount "49"]
[EventDate "2016.09.01"]
[EventType "swiss"]
[EventRounds "7"]
[EventCountry "GER"]
[SourceTitle "CBM 174 Extra"]
[Source "ChessBase"]
[SourceDate "2016.10.10"]
[SourceVersion "1"]
[SourceVersionDate "2016.10.10"]
[SourceQuality "1"]

1. e4 c6 2. d4 d5 3. e5 Bf5 4. h4 h5 5. Bd3 Bxd3 6. Qxd3 e6 7. Bg5 Qc7 8. Nf3 Nd7 9. 0-0 Ne7 10. Nbd2 Nf5 11. b3 Be7 12. Bxe7 Nxe7 13. c4 0-0 14. Rfe1 Nf5 15. Nf1 Qd8 16. g3 g6 17. Ne3 Nxe3 18. Qxe3 Kg7 19. Ng5 Qe7 20. Rac1 Rac8 21. Rc3 Nb6 22. c5 Na8 23. Rec1 Nc7 24. b4 a6 25. Kg2 1/2-1/2

[Event "GER-chT U20"]
[Site "Osnabrueck"]
[Date "2015.12.29"]
[Round "6.2"]
[White "Becker, Dirk"]
[Black "Wenninger, Patrick"]
[Result "1-0"]
[WhiteElo "2141"]
[BlackElo "1924"]
[PlyCount "69"]
[EventDate "2015.12.27"]
[EventType "team-swiss"]
[EventRounds "7"]
[EventCountry "GER"]
[SourceTitle "EXT 2017"]
[Source "ChessBase"]
[SourceDate "2016.10.25"]
[SourceVersion "1"]
[SourceVersionDate "2016.10.25"]
[SourceQuality "1"]
[WhiteTeam "Baden-Baden"]
[BlackTeam "Heilbronn"]
[WhiteTeamCountry "GER"]
[BlackTeamCountry "GER"]

1. e4 c6 2. Ne2 d5 3. e5 c5 4. d4 Nc6 5. c3 Bg4 6. Be3 e6 7. f3 Bf5 8. dxc5 Nxe5 9. Nd4 Bg6 10. Bb5+ Nd7 11. b4 Ngf6 12. 0-0 Be7 13. c6 bxc6 14. Nxc6 Qc7 15. Nxe7 Kxe7 16. Qb3 Rhc8 17. Ba6 Rd8 18. Nd2 Kf8 19. Rac1 e5 20. Rfe1 Qc6 21. Bf1 Rac8 22. b5 Qc7 23. Qb4+ Kg8 24. Nb3 Nb6 25. a4 Nc4 26. Bf2 Ne8 27. Nc5 Ned6 28. Red1 Nb7 29. Na6 Qa5 30. Qe7 Nbd6 31. Rxd5 Nf5 32. Rxd8+ Rxd8 33. Qxa7 Qxa4 34. Qc7 Qa5 35. Bxc4 1-0

[Event "GER-chT U20"]
[Site "Osnabrueck"]
[Date "2015.12.27"]
[Round "2.2"]
[White "Kololli, Martin"]
[Black "Wenninger, Patrick"]
[Result "1-0"]
[WhiteElo "2169"]
[BlackElo "1924"]
[PlyCount "57"]
[EventDate "2015.12.27"]
[EventType "team-swiss"]
[EventRounds "7"]
[EventCountry "GER"]
[SourceTitle "EXT 2017"]
[Source "ChessBase"]
[SourceDate "2016.10.25"]
[SourceVersion "1"]
[SourceVersionDate "2016.10.25"]
[SourceQuality "1"]
[WhiteTeam "Luebeck"]
[BlackTeam "Heilbronn"]
[WhiteTeamCountry "GER"]
[BlackTeamCountry "GER"]

1. e4 c6 2. c4 d5 3. exd5 cxd5 4. cxd5 Nf6 5. Nc3 Nxd5 6. Nf3 Nc6 7. Bb5 e6 8. 0-0 Be7 9. d4 0-0 10. Re1 Bf6 11. Be3 Nce7 12. Bd3 Bd7 13. Ne4 Bc6 14. Qd2 Rc8 15. b4 Ba4 16. Nc5 Bc6 17. b5 b6 18. Nxe6 fxe6 19. bxc6 Rxc6 20. Bf4 Nxf4 21. Qxf4 Qd6 22. Qe4 Ng6 23. Bc2 Rd8 24. Bb3 Nf8 25. Rad1 Kh8 26. d5 exd5 27. Rxd5 Qc7 28. Rxd8 Bxd8 29. Qe5 1-0

[Event "GER-chT U20"]
[Site "Osnabrueck"]
[Date "2015.12.27"]
[Round "1.2"]
[White "Wenninger, Patrick"]
[Black "Pluska, Alexander"]
[Result "0-1"]
[WhiteElo "1924"]
[BlackElo "2068"]
[PlyCount "96"]
[EventDate "2015.12.27"]
[EventType "team-swiss"]
[EventRounds "7"]
[EventCountry "GER"]
[SourceTitle "EXT 2017"]
[Source "ChessBase"]
[SourceDate "2016.10.25"]
[SourceVersion "1"]
[SourceVersionDate "2016.10.25"]
[SourceQuality "1"]
[WhiteTeam "Heilbronn"]
[BlackTeam "Kiel Doppelbauer"]
[WhiteTeamCountry "GER"]
[BlackTeamCountry "GER"]

1. d4 Nf6 2. Nf3 e6 3. c4 d5 4. g3 Bb4+ 5. Bd2 Be7 6. Bg2 0-0 7. 0-0 Nbd7 8. Qc2 c6 9. Rd1 a5 10. Bf4 Nh5 11. Nc3 Nxf4 12. gxf4 dxc4 13. Ne5 Qc7 14. Ne4 Nxe5 15. dxe5 b5 16. b3 cxb3 17. axb3 Bb7 18. Nd6 Bxd6 19. Rxd6 Rfd8 20. Rad1 Rxd6 21. Rxd6 Rd8 22. Qd2 Rxd6 23. exd6 Qd7 24. e4 c5 25. Bf1 Bc6 26. e5 Qa7 27. Bg2 Bd7 28. f5 exf5 29. Bd5 a4 30. Qg5 Qb8 31. bxa4 bxa4 32. Bxf7+ Kxf7 33. Qe7+ Kg6 34. Qxd7 Qb1+ 35. Kg2 Qe4+ 36. f3 Qe2+ 37. Kg1 Qe1+ 38. Kg2 Qe2+ 39. Kg1 Qxe5 40. Qc6 Qd4+ 41. Kg2 Kf6 42. Qc7 Qd2+ 43. Kh3 Qe2 44. Qd8+ Kf7 45. Qd7+ Kg6 46. Qc6 Kg5 47. Qd5 Kf4 48. d7 Qf1+ 0-1

[Event "GER-chT U20"]
[Site "Naumburg Saale"]
[Date "2014.12.30"]
[Round "7.3"]
[White "Steimbach, Isabel"]
[Black "Wenninger, Patrick"]
[Result "1/2-1/2"]
[WhiteElo "1887"]
[BlackElo "1837"]
[PlyCount "71"]
[EventDate "2014.12.27"]
[EventType "team-swiss"]
[EventRounds "7"]
[EventCountry "GER"]
[SourceTitle "EXT 2016"]
[Source "ChessBase"]
[SourceDate "2015.10.08"]
[SourceVersion "1"]
[SourceVersionDate "2015.10.08"]
[SourceQuality "1"]
[WhiteTeam "Baden-Baden"]
[BlackTeam "Heilbronn"]
[WhiteTeamCountry "GER"]
[BlackTeamCountry "GER"]

1. e4 c6 2. d4 d5 3. e5 Bf5 4. Nf3 e6 5. Be2 Nd7 6. 0-0 Ne7 7. Nh4 Bg6 8. Nd2 Nf5 9. Nxg6 hxg6 10. c3 Be7 11. g3 0-0 12. Nf3 Rc8 13. h4 c5 14. Kg2 cxd4 15. cxd4 Qc7 16. Bd3 Qb6 17. Bxf5 gxf5 18. Ng5 Bxg5 19. hxg5 g6 20. Rh1 Kg7 21. b3 Rh8 22. Rxh8 Rxh8 23. Ba3 Qd8 24. f4 Nb8 25. Bd6 Nc6 26. Qd2 Rh5 27. Rh1 Rxh1 28. Kxh1 Qb6 29. Qh2 Kg8 30. Bc5 Qa6 31. Qh6 Qf1+ 32. Kh2 Qe2+ 33. Kg1 Qe1+ 34. Kg2 Qe2+ 35. Kg1 Qe1+ 36. Kg2 1/2-1/2

[Event "GER-chT U20"]
[Site "Naumburg Saale"]
[Date "2014.12.29"]
[Round "5.3"]
[White "Blumenthal, Clemens"]
[Black "Wenninger, Patrick"]
[Result "1/2-1/2"]
[WhiteElo "1574"]
[BlackElo "1837"]
[PlyCount "97"]
[EventDate "2014.12.27"]
[EventType "team-swiss"]
[EventRounds "7"]
[EventCountry "GER"]
[SourceTitle "EXT 2016"]
[Source "ChessBase"]
[SourceDate "2015.10.08"]
[SourceVersion "1"]
[SourceVersionDate "2015.10.08"]
[SourceQuality "1"]
[WhiteTeam "Meuselwitz"]
[BlackTeam "Heilbronn"]
[WhiteTeamCountry "GER"]
[BlackTeamCountry "GER"]

1. e4 c6 2. d4 d5 3. Nc3 dxe4 4. Nxe4 Bf5 5. Ng3 Bg6 6. Nf3 Nd7 7. Bd3 Bxd3 8. Qxd3 e6 9. 0-0 Ngf6 10. Bg5 Be7 11. c4 0-0 12. Rad1 Qc7 13. a3 a5 14. Rfe1 Rfe8 15. Ne5 Rad8 16. Qc3 c5 17. Be3 cxd4 18. Bxd4 Nc5 19. b4 axb4 20. axb4 Ncd7 21. Ra1 Ra8 22. Nxd7 Qxd7 23. Red1 Rxa1 24. Rxa1 Bxb4 25. Qb2 Be7 26. Ra7 Qc6 27. Rxb7 Qxc4 28. Rb8 Qa4 29. Rxe8+ Qxe8 30. Qb7 h6 31. h3 Qd8 32. Qa7 Qd7 33. Qb8+ Qd8 34. Qa7 Qd6 35. Nf1 e5 36. Be3 Nd5 37. Qa8+ Kh7 38. Qa4 Nxe3 39. Nxe3 g6 40. Qc4 Kg7 41. Qg4 Bg5 42. Nf1 Qd4 43. Qf3 Bf4 44. g3 Bg5 45. h4 Be7 46. h5 Qd7 47. hxg6 fxg6 48. Ne3 Bc5 49. Ng4 1/2-1/2

[Event "NED-ch U20 op"]
[Site "Borne"]
[Date "2013.08.10"]
[Round "9"]
[White "Dreisler, Tobias"]
[Black "Wenninger, Patrick"]
[Result "1-0"]
[WhiteElo "1949"]
[BlackElo "1591"]
[PlyCount "65"]
[EventDate "2013.08.05"]
[EventType "swiss"]
[EventRounds "9"]
[EventCountry "NED"]
[SourceTitle "EXT 2015"]
[Source "ChessBase"]
[SourceDate "2014.11.20"]
[SourceVersion "1"]
[SourceVersionDate "2014.11.20"]
[SourceQuality "1"]

1. e4 c6 2. d4 d5 3. exd5 cxd5 4. Bd3 Qc7 5. Ne2 e6 6. Bf4 Bd6 7. Bxd6 Qxd6 8. 0-0 Nf6 9. Ng3 0-0 10. Nh5 Nbd7 11. Nxf6+ Nxf6 12. Qe2 Bd7 13. f4 b5 14. Nd2 Qb6 15. Nf3 b4 16. a3 a5 17. Kh1 Rfb8 18. a4 Bc8 19. Ne5 Ba6 20. f5 Rc8 21. fxe6 Qxe6 22. Rae1 Bxd3 23. Qxd3 Qa6 24. Qf5 Rc7 25. Ng4 Nxg4 26. Qxg4 Rxc2 27. Qd7 h6 28. Qxf7+ Kh8 29. Qxd5 Rxb2 30. Rf7 Ra7 31. Rf8+ Kh7 32. Qf5+ Qg6 33. Rh8+ 1-0

[Event "NED-ch U20 op"]
[Site "Borne"]
[Date "2013.08.07"]
[Round "5"]
[White "Wenninger, Patrick"]
[Black "Geene, Joris"]
[Result "1-0"]
[WhiteElo "1591"]
[BlackElo "1752"]
[PlyCount "102"]
[EventDate "2013.08.05"]
[EventType "swiss"]
[EventRounds "9"]
[EventCountry "NED"]
[SourceTitle "EXT 2015"]
[Source "ChessBase"]
[SourceDate "2014.11.20"]
[SourceVersion "1"]
[SourceVersionDate "2014.11.20"]
[SourceQuality "1"]

1. d4 Nf6 2. c4 g6 3. Nc3 Bg7 4. e4 d6 5. Nf3 0-0 6. Be2 e5 7. 0-0 Nc6 8. d5 Ne7 9. Be3 Nd7 10. b4 b6 11. c5 f5 12. cxd6 cxd6 13. Ne1 Nf6 14. f3 f4 15. Bf2 g5 16. a4 a6 17. a5 b5 18. Bb6 Qe8 19. Rc1 Bb7 20. Nc2 Rc8 21. Na3 Nd7 22. Bf2 Qg6 23. g4 h5 24. h3 hxg4 25. hxg4 Kf7 26. Kg2 Rh8 27. Ncb1 Rcd8 28. Rc7 Rh6 29. Rxb7 Rdh8 30. Rg1 Rh2+ 31. Kf1 Nf6 32. Qc2 Rh1 33. Qc7 Nfg8 34. Qc8 Bf6 35. Qe6+ Kg7 36. Qxd6 Rxg1+ 37. Bxg1 Rh1 38. Qb6 Kh8 39. Qf2 Qe8 40. d6 Ng6 41. d7 Qe6 42. Qb6 Qa2 43. Qxf6+ Nxf6 44. d8Q+ Ng8 45. Qd7 N6e7 46. Qd2 Qe6 47. Rb6 Qf7 48. Qe1 Qb3 49. Rxa6 Nh6 50. Qc3 Qa2 51. Qxe5+ Kg8 1-0

[Event "Pardubice Czech op-A 24th"]
[Site "Pardubice"]
[Date "2013.07.26"]
[Round "8"]
[White "Spalir, Jernej"]
[Black "Wenninger, Patrick"]
[Result "1-0"]
[WhiteElo "2312"]
[BlackElo "2229"]
[PlyCount "77"]
[EventDate "2013.07.19"]
[EventType "swiss"]
[EventRounds "9"]
[EventCountry "CZE"]
[SourceTitle "CBM 155 Extra"]
[Source "ChessBase"]
[SourceDate "2013.08.26"]
[SourceVersion "1"]
[SourceVersionDate "2013.08.26"]
[SourceQuality "1"]

1. d4 d5 2. c4 c6 3. Nc3 Nf6 4. Nf3 a6 5. c5 Bg4 6. Ne5 Bf5 7. Bf4 Nbd7 8. e3 Nxe5 9. Bxe5 Nd7 10. Bg3 g6 11. Be2 Bg7 12. 0-0 0-0 13. b4 e5 14. dxe5 Nxe5 15. Rc1 h5 16. h3 Re8 17. a4 Qf6 18. Qd2 Rad8 19. Rfd1 Rd7 20. b5 axb5 21. axb5 Red8 22. Na4 d4 23. Nb6 dxe3 24. Qxe3 Rxd1+ 25. Rxd1 Rxd1+ 26. Bxd1 cxb5 27. Be2 Nc6 28. Qe8+ Kh7 29. Bxb5 h4 30. Bd6 Qa1+ 31. Kh2 Be6 32. Nd7 Bxd7 33. Qxd7 Ne5 34. Qxb7 Qd4 35. Kg1 Qd1+ 36. Bf1 Nc4 37. Bf4 Nd2 38. Qb5 Bd4 39. Qd3 1-0

[Event "GER-chT U20"]
[Site "Osnabrueck"]
[Date "2012.12.30"]
[Round "7.5"]
[White "Pfreundt, Jakob"]
[Black "Wenninger, Patrick"]
[Result "0-1"]
[WhiteElo "1919"]
[BlackElo "1610"]
[PlyCount "82"]
[EventDate "2012.12.27"]
[EventType "team-swiss"]
[EventRounds "7"]
[EventCountry "GER"]
[SourceTitle "EXT 2014"]
[Source "ChessBase"]
[SourceDate "2013.11.20"]
[SourceVersion "1"]
[SourceVersionDate "2013.11.20"]
[SourceQuality "1"]
[WhiteTeam "Hamburg Koenigsspringer"]
[BlackTeam "Heilbronn"]
[WhiteTeamCountry "GER"]
[BlackTeamCountry "GER"]

1. e4 c6 2. d4 d5 3. e5 Bf5 4. Nd2 e6 5. Nb3 Nd7 6. Nf3 Ne7 7. Be3 Nc8 8. Be2 Be7 9. 0-0 0-0 10. Re1 Qc7 11. Bf4 c5 12. dxc5 Nxc5 13. Nbd4 Bg6 14. c4 Nb6 15. b4 Ne4 16. c5 Nd7 17. Qb3 a6 18. Rac1 Rfc8 19. Qe3 Nb8 20. Bd3 Nc6 21. a3 Qd7 22. Nb3 f6 23. exf6 gxf6 24. Bxe4 Bxe4 25. Rcd1 Rd8 26. Nfd2 Bc2 27. Rc1 Bxb3 28. Nxb3 e5 29. Bh6 Kh8 30. f4 d4 31. Qf3 Rg8 32. f5 Bf8 33. Bd2 Re8 34. Re4 Re7 35. g3 Qd5 36. Qd3 Reg7 37. Rce1 Rg4 38. Bc1 Ne7 39. Rxg4 Rxg4 40. Nd2 Bh6 41. Qe2 Be3+ 0-1

[Event "GER-ch Net final U18"]
[Site "Playchess.com INT"]
[Date "2012.09.15"]
[Round "3"]
[White "Braun, Georg"]
[Black "Wenninger, Patrick"]
[Result "1-0"]
[WhiteElo "2123"]
[BlackElo "1584"]
[PlyCount "101"]
[EventDate "2012.09.15"]
[EventType "swiss (blitz)"]
[EventRounds "7"]
[EventCountry "GER"]
[SourceTitle "CBM 150 Extra"]
[Source "ChessBase"]
[SourceDate "2012.10.19"]
[SourceVersion "1"]
[SourceVersionDate "2012.10.19"]
[SourceQuality "1"]

1. e4 c6 2. d4 d5 3. exd5 cxd5 4. c4 Nf6 5. Nc3 Nc6 6. Bg5 e6 7. Nf3 Be7 8. c5 Ne4 9. Bxe7 Qxe7 10. Bb5 Nxc3 11. bxc3 0-0 12. 0-0 a6 13. Bxc6 bxc6 14. Ne5 Bd7 15. f4 f6 16. Nf3 Rab8 17. Rb1 Qd8 18. Qa4 Qc7 19. g3 a5 20. Rb3 Rxb3 21. axb3 Rb8 22. Ra1 Qb7 23. Ra3 Qb5 24. Qxb5 Rxb5 25. Kf2 Bc8 26. Ke3 Ba6 27. Nd2 Kf7 28. c4 dxc4 29. bxc4 Rb4 30. Kd3 a4 31. Kc3 Rb8 32. Rxa4 Bc8 33. Ra7+ Rb7 34. Rxb7+ Bxb7 35. Ne4 Ke7 36. Nd6 Ba6 37. Kb4 h6 38. Ka5 e5 39. fxe5 fxe5 40. dxe5 Ke6 41. Kxa6 Kxe5 42. Kb6 g5 43. Kxc6 h5 44. Kd7 h4 45. gxh4 gxh4 46. c6 Kf4 47. c7 Kg4 48. c8Q Kh3 49. Qh8 Kxh2 50. Qxh4+ Kg2 51. Qf4 1-0

[Event "GER-ch Net final U18"]
[Site "Playchess.com INT"]
[Date "2012.09.15"]
[Round "2"]
[White "Wenninger, Patrick"]
[Black "Groetzbach, Julian"]
[Result "1-0"]
[WhiteElo "1552"]
[BlackElo "2019"]
[PlyCount "95"]
[EventDate "2012.09.15"]
[EventType "swiss (blitz)"]
[EventRounds "7"]
[EventCountry "GER"]
[SourceTitle "CBM 150 Extra"]
[Source "ChessBase"]
[SourceDate "2012.10.19"]
[SourceVersion "1"]
[SourceVersionDate "2012.10.19"]
[SourceQuality "1"]

1. e4 c5 2. c3 d6 3. d4 cxd4 4. cxd4 g6 5. Nf3 Bg7 6. Nc3 Nf6 7. Be2 0-0 8. 0-0 Bd7 9. Be3 Nc6 10. a3 Re8 11. Rc1 Rc8 12. d5 Na5 13. b4 Nc4 14. Bg5 Nxa3 15. Qb3 Rxc3 16. Qxc3 Nb5 17. Qe3 Ng4 18. Qd2 Qb6 19. h3 Ne5 20. Nxe5 Bxe5 21. Be3 Qd8 22. f4 Bg7 23. Rc2 Qb8 24. Rfc1 Rd8 25. Bxb5 Bxb5 26. Rc7 Re8 27. Qa2 Bc6 28. Qxa7 Qxc7 29. dxc6 Qb8 30. cxb7 Bf8 31. Bb6 e5 32. fxe5 dxe5 33. b5 Kg7 34. Be3 Bd6 35. Rc6 Re7 36. Rxd6 Qxd6 37. b8Q Qd1+ 38. Kh2 Rxa7 39. Bxa7 f6 40. Qc7+ Kh6 41. Be3+ g5 42. b6 Qd3 43. Bg1 Qxe4 44. b7 g4 45. Qc1+ Kg6 46. b8Q gxh3 47. Qbb1 f5 48. Qxe4 1-0

[Event "GER-chT U20"]
[Site "Osnabrueck"]
[Date "2011.12.28"]
[Round "3.6"]
[White "Beinke, Lukas"]
[Black "Wenninger, Patrick"]
[Result "1-0"]
[WhiteElo "1689"]
[BlackElo "1250"]
[PlyCount "51"]
[EventDate "2011.12.27"]
[EventType "team-swiss"]
[EventRounds "7"]
[EventCountry "GER"]
[SourceTitle "CBM 146 Extra"]
[Source "ChessBase"]
[SourceDate "2012.02.29"]
[SourceVersion "1"]
[SourceVersionDate "2012.02.29"]
[SourceQuality "1"]
[WhiteTeam "Hagen"]
[BlackTeam "Heilbronn"]
[WhiteTeamCountry "GER"]
[BlackTeamCountry "GER"]

1. e4 c6 2. d4 d5 3. Nc3 dxe4 4. Nxe4 Bf5 5. Ng3 Bg6 6. h4 h6 7. Nf3 Nd7 8. h5 Bh7 9. Bd3 Bxd3 10. Qxd3 Ngf6 11. Bf4 e6 12. Ne4 Nxe4 13. Qxe4 Nf6 14. Qd3 Bd6 15. Ne5 Qc7 16. Qg3 Kf8 17. Ng6+ fxg6 18. Bxd6+ Qxd6 19. Qxd6+ Kf7 20. hxg6+ Kxg6 21. 0-0-0 Ne4 22. Qxe6+ Nf6 23. g4 Rhe8 24. Qf5+ Kf7 25. g5 hxg5 26. Qxg5 1-0

[Event "GER-chT U20"]
[Site "Osnabrueck"]
[Date "2011.12.27"]
[Round "2.6"]
[White "Wenninger, Patrick"]
[Black "Hempel, Kevin"]
[Result "1-0"]
[WhiteElo "1250"]
[BlackElo "1550"]
[PlyCount "87"]
[EventDate "2011.12.27"]
[EventType "team-swiss"]
[EventRounds "7"]
[EventCountry "GER"]
[SourceTitle "CBM 146 Extra"]
[Source "ChessBase"]
[SourceDate "2012.02.29"]
[SourceVersion "1"]
[SourceVersionDate "2012.02.29"]
[SourceQuality "1"]
[WhiteTeam "Heilbronn"]
[BlackTeam "Wilkau Hasslau Muldental"]
[WhiteTeamCountry "GER"]
[BlackTeamCountry "GER"]

1. e4 e5 2. Nf3 Nc6 3. Bb5 a6 4. Ba4 Nf6 5. 0-0 Be7 6. Re1 b5 7. Bb3 d6 8. h3 Na5 9. c3 Nxb3 10. Qxb3 c5 11. d4 Qc7 12. dxc5 dxc5 13. Bg5 0-0 14. Nbd2 Bb7 15. a4 c4 16. Qc2 Rac8 17. Nf1 b4 18. Bh4 Rfd8 19. Bg3 Nd7 20. Rac1 b3 21. Qe2 f6 22. N3d2 a5 23. Ne3 Nb6 24. f3 Nxa4 25. Qxc4+ Qxc4 26. Ndxc4 Ba6 27. Nxa5 Nxb2 28. Rb1 Nd3 29. Red1 b2 30. Nd5 Bf8 31. Bf2 Bc5 32. Bxc5 Rxc5 33. c4 Rxa5 34. Rxd3 Bxc4 35. Nxf6+ Kf7 36. Rxd8 Ra1 37. Rdd1 Bd3 38. Rxa1 bxa1Q 39. Rxa1 gxf6 40. Kf2 Kg6 41. Ke3 Bc2 42. Rc1 Bb3 43. f4 exf4+ 44. Kxf4 1-0